书目信息 |
| 题名: |
票房大腕冯小刚
|
|
| 作者: | 金龙晟 编著 | |
| 分册: | ||
| 出版信息: | 北京 中国广播电视出版社 2005 |
|
| 页数: | 184页 | |
| 开本: | 21cm | |
| 丛书名: | 中国电影百年经典书系 | |
| 单 册: | ||
| 中图分类: | J905.2 | |
| 科图分类: | ||
| 主题词: | 电影评论--中国--现代 , 电影导演--人物研究--中国--现代 | |
| 电子资源: | ||
| ISBN: | 7-5043-4512-1 | |
| 000 | 00895oam2 2200301 45 | |
| 001 | 0900000024486 | |
| 005 | 20051129101229.73 | |
| 010 | @a7-5043-4512-1@dCNY24.80 | |
| 092 | @aCN | |
| 100 | @a20050308d2005 ekmy0chiy0120 ea | |
| 101 | 0 | @achi |
| 102 | @aCN@b110000 | |
| 105 | @aa az 000yd | |
| 200 | 1 | @a票房大腕冯小刚@9piao fang da wan feng xiao gang@f金龙晟编著@Fjin long sheng bian zhu |
| 210 | @a北京@c中国广播电视出版社@d2005 | |
| 215 | @a184页@c图@d21cm | |
| 225 | 2 | @a中国电影百年经典书系@i导演系列@v03 |
| 320 | @a有书目 | |
| 410 | 0 | @12001 @a中国电影百年经典书系 |
| 410 | 0 | @12001 @a导演系列 |
| 600 | 0 | @a冯小刚@f1958~@x人物研究 |
| 606 | 0 | @a电影评论@y中国@z现代 |
| 606 | 0 | @a电影导演@x人物研究@y中国@z现代 |
| 690 | @aJ905.2@v4 | |
| 701 | 0 | @a金龙晟@Ajin long sheng@4编著 |
| 801 | 0 | @aCN@bCXYBOOK@c20051129 |
| 905 | @a10447@dJ905.2@e116 | |
| 999 | @aAFJ@eJDD | |
| 票房大腕冯小刚/金龙晟编著.-北京:中国广播电视出版社,2005 |
| 184页:图;21cm.-(中国电影百年经典书系.导演系列;03) |
| ISBN 7-5043-4512-1:CNY24.80 |
| ● |
| 相关链接 |
|
|
|
|
正题名:票房大腕冯小刚
索取号:J905.2/116
 
预约/预借
| 序号 | 登录号 | 条形码 | 馆藏地/架位号 | 状态 | 备注 |
| 1 | 0369615 | 203696152 | 第一样本阅览室/ [索取号:J905.2/116] | 在馆 | |
| 2 | 0369616 | 203696161 | 第一借阅区/ [索取号:J905.2/116] | 在馆 | |
| 3 | 0369617 | 203696170 | 第一借阅区/ [索取号:J905.2/116] | 在馆 | |
| 4 | 0369618 | 203696189 | 第一借阅区/ [索取号:J905.2/116] | 在馆 | |
| 5 | 0369619 | 203696198 | 第一借阅区/ [索取号:J905.2/116] | 在馆 |